| 000 -LEADER |
| fixed length control field |
01549cam a2200301 a 4500 |
| 001 - CONTROL NUMBER |
| control field |
1664570 |
| 003 - CONTROL NUMBER IDENTIFIER |
| control field |
OSt |
| 005 - DATE AND TIME OF LATEST TRANSACTION |
| control field |
20231220091844.0 |
| 008 - FIXED-LENGTH DATA ELEMENTS--GENERAL INFORMATION |
| fixed length control field |
180427s2018 enka j 000 0 eng d |
| 015 ## - NATIONAL BIBLIOGRAPHY NUMBER |
| National bibliography number |
GBB875457 |
| Source |
bnb |
| 020 ## - INTERNATIONAL STANDARD BOOK NUMBER |
| International Standard Book Number |
9780008304607 |
| Qualifying information |
(pbk.) : |
| 040 ## - CATALOGING SOURCE |
| Original cataloging agency |
AUNRT |
| Language of cataloging |
eng |
| Description conventions |
rda |
| Transcribing agency |
AUNRT |
| Modifying agency |
ATCDL |
| -- |
OCLCF |
| -- |
ATBIA |
| -- |
TNH |
| -- |
CNCAR |
| -- |
UKMGB |
| -- |
MLN |
| -- |
KH8 |
| 042 ## - AUTHENTICATION CODE |
| Authentication code |
nbic |
| 082 0# - DEWEY DECIMAL CLASSIFICATION NUMBER |
| Classification number |
823.92 WAL |
| 100 1# - MAIN ENTRY--PERSONAL NAME |
| Personal name |
Walliams, David, |
| Dates associated with a name |
1971- |
| Relator term |
Author |
| 245 14 - TITLE STATEMENT |
| Title |
The world's worst children. |
| Number of part/section of a work |
3 / |
| Statement of responsibility, etc. |
David Walliams ; illustrated by Tony Ross. |
| 260 ## - PUBLICATION, DISTRIBUTION, ETC. |
| Place of publication, distribution, etc. |
London, England : |
| Name of publisher, distributor, etc. |
HarperCollins, |
| Date of publication, distribution, etc. |
2018. |
| 300 ## - PHYSICAL DESCRIPTION |
| Extent |
282 p. : |
| Other physical details |
colour ill. ; |
| Dimensions |
20 cm. |
| 490 1# - SERIES STATEMENT |
| Series statement |
The world's worst children; |
| Volume/sequential designation |
bk.3. |
| 505 0# - FORMATTED CONTENTS NOTE |
| Formatted contents note |
The terrible triplets -- Tandy's tantrums -- Boastful Barnabus -- Fanny's funny faces -- Hank's pranks -- Honey the hogger -- Vain Valentine -- Bonnie Bossypants -- Walter the wasp -- Kung Fu Kylie. |
| 520 ## - SUMMARY, ETC. |
| Summary, etc. |
Just when you thought it was safe to go back to your bookshelf, 10 more horrendously hilarious stories about the absolute worst children ever! From ten-year old Hank and his endless pranks on his poor, long-suffering family, to Tandy and her titanic tantrums - this brand new collection is the perfect companion to World's Worst Children books 1 and 2 and an ideal gift for the worst children in your life! |
| 650 #0 - SUBJECT ADDED ENTRY--TOPICAL TERM |
| Topical term or geographic name entry element |
Conduct of life |
| Form subdivision |
Juvenile fiction. |
| 650 #0 - SUBJECT ADDED ENTRY--TOPICAL TERM |
| Topical term or geographic name entry element |
Children's stories. |
| 650 #0 - SUBJECT ADDED ENTRY--TOPICAL TERM |
| Topical term or geographic name entry element |
Short stories. |
| 700 1# - ADDED ENTRY--PERSONAL NAME |
| Personal name |
Ross, Tony. |
| Relator term |
Illustrator |
| 830 #0 - SERIES ADDED ENTRY--UNIFORM TITLE |
| Uniform title |
The world's worst children; |
| Volume/sequential designation |
bk.3. |
| 942 ## - ADDED ENTRY ELEMENTS (KOHA) |
| Source of classification or shelving scheme |
|
| Koha item type |
Books - Fiction |